000 01088nam a22001817a 4500
999 _c56914
_d56914
003 Ge_BSU
005 20190618154944.0
008 190618b1977 ge ||||| |||| 00| 0 geo d
041 _ageo
080 _a744(072) კ-18
100 _aკალანდაძე, ქ.
_91622
245 _aმეთოდური მითითებები გეგმილური ხაზვის შესწავლისათვის ნაწ. I /
_c კალანდაძე, ქ. ; საქ. პოლიტექნ. ინ-ტი, მხაზვ. გეომეტრიის და საინჟ. გრაფიკის კათედრა
264 _aთბილისი,
_c1977.
300 _a133 გვ. :
_bილ. ;
_c20 სმ.
653 _aგეგმილური ხაზვა - მეთოდური მითითებები
710 _aსაქ. პოლიტექნ. ინ-ტი
_b მხაზვ. გეომეტრიის და საინჟ. გრაფიკის კათედრა
_92551
942 _2udc
_cBK